[Event "Wiesbaden op 26th"]
[Site "Wiesbaden"]
[Date "2014.08.30"]
[Round "5"]
[White "Schmitt, Clemens"]
[Black "Sergakis, Leonidas"]
[Result "1-0"]
[WhiteElo "1581"]
[BlackElo "1803"]
[PlyCount "33"]
[EventDate "2014.08.28"]
[EventType "swiss"]
[EventRounds "7"]
[EventCountry "GER"]
[SourceTitle "CBM 162 Extra"]
[Source "ChessBase"]
[SourceDate "2014.10.17"]
[SourceVersion "1"]
[SourceVersionDate "2014.10.17"]
[SourceQuality "1"]

1. c4 d6 2. g3 e5 3. Bg2 Nf6 4. Nc3 c6 5. e4 Be7 6. Nge2 0-0 7. 0-0 Be6 8. b3 a5 9. Ba3 Na6 10. d4 Qd7 11. dxe5 Ne8 12. exd6 Bxd6 13. Bxd6 Qxd6 14. Qxd6 Nxd6 15. e5 Nf5 16. Ne4 Nc5 17. Nxc5 1-0